000
00232nam a2200097Ia 4500
001
687453
005
20250826161556.0
008
250824s9999 xx 000 0 und d
245
0
_a
FİLE BEKÇESİ
_c
MAL PEET
260
_b
TUDEM YAYINLARI
999
_c
687453
_d
687453